000 01272cam a22003617a 4500
003 CHAP
005 20220817043501.0
008 981027d1981 mx r 00010 spa d
010 _a76437
011 _a77409
035 _a87015
040 _cCHAP
090 _aFolleto 15282
100 0 0 _aSantos de Morais, Clodomir.
_9102469
245 1 0 _aApuntes sobre teoría de la organización
_c/por Clodomir Santos de Morais
260 _aMéxico, D.F. :
_bInstituto Nacional de Capacitación del Sector Agropecuario,
_c1981.
300 _a39 p.
410 2 _aInstituto Nacional de Capacitación del Sector Agropecuario
490 0 _aCuadernos de capacitación
590 _aBATCH-UPD
_b10
_c20130110
_lUCH01
_h0626
590 _aBATCH-UPD
_b10
_c20130410
_lUCH01
_h0309
590 _aBATCH-UPD
_b10
_c20130914
_lUCH01
_h1109
590 _aCONVERSION
_b10
_c20130109
_lUCH01
_h1342
650 1 4 _aDivisión del trabajo.
_933031
650 1 4 _aTrabajo y trabajadores.
650 1 4 _aTrabajo
_xMétodos de.
_9114482
810 0 0 _aInstituto Nacional de Capacitación del Sector Agropecuario
_959290
830 0 _aCuadernos de capacitación
_929750
901 _aBK
905 _aMayto Villalobos S.
942 _cFOLL
949 _aFolleto 15282
_bBC
_cFOLL
_d870151
_eTS1
_i87015
_sb
999 _c76437
_d76437